[Event "Online Olym Div Top-D"]
[Site "Chess.com INT"]
[Date "2021.09.09"]
[Round "4.4"]
[White "Malicka, Maria"]
[Black "Duran, Esma Doga"]
[Result "1-0"]
[WhiteElo "2311"]
[BlackElo "1976"]
[PlyCount "69"]
[EventDate "2021.09.08"]
[EventType "team (rapid)"]
[EventRounds "9"]
[EventCountry "USA"]
[SourceTitle "CBM 204 Extra"]
[Source "ChessBase"]
[SourceDate "2021.11.30"]
[SourceVersion "1"]
[SourceVersionDate "2021.11.30"]
[SourceQuality "1"]
[WhiteTeam "Poland"]
[BlackTeam "Turkey"]
[WhiteTeamCountry "POL"]
[BlackTeamCountry "TUR"]

1. e4 c5 2. Nf3 e6 3. d4 cxd4 4. Nxd4 Nc6 5. Nc3 Qc7 6. Be2 a6 7. 0-0 Nf6 8. Be3 Be7 9. f4 d6 10. Qe1 0-0 11. Qg3 Rd8 12. Bf3 d5 13. e5 Nxd4 14. Bxd4 Ne4 15. Bxe4 dxe4 16. Be3 b5 17. Qf2 Qc6 18. a3 Bb7 19. f5 exf5 20. Qxf5 Qg6 21. Qf2 Rac8 22. Rad1 Qe6 23. Rxd8+ Rxd8 24. Ne2 f6 25. exf6 Bxf6 26. c3 Rf8 27. Nd4 Qc4 28. Nf5 Qd3 29. Qg3 g6 30. Nh6+ Kg7 31. Re1 Qd7 32. Ng4 Be7 33. Bh6+ Kg8 34. Bxf8 Bxf8 35. Nf6+ 1-0

[Event "Titled Tuesday intern op 08th June"]
[Site "Chess.com INT"]
[Date "2021.06.08"]
[Round "4"]
[White "Devaev, Alexander"]
[Black "Duran, Esma Doga"]
[Result "1-0"]
[WhiteElo "2325"]
[BlackElo "1938"]
[PlyCount "53"]
[EventDate "2021.06.08"]
[EventType "swiss (blitz)"]
[EventRounds "11"]
[EventCountry "USA"]
[SourceTitle "CBM 202 Extra"]
[Source "ChessBase"]
[SourceDate "2021.07.31"]
[SourceVersion "1"]
[SourceVersionDate "2021.07.31"]
[SourceQuality "1"]

1. Nf3 d5 2. c4 c6 3. e3 Nf6 4. b3 e6 5. Bb2 Nbd7 6. d4 Be7 7. Nbd2 0-0 8. Bd3 b6 9. Qc2 Bb7 10. 0-0 Rc8 11. Ne5 h6 12. f4 c5 13. Rae1 Qc7 14. Kh1 Rfd8 15. Re2 Nf8 16. Ref2 cxd4 17. exd4 dxc4 18. bxc4 Nd5 19. Qc1 Ne3 20. Re1 Bh4 21. Rfe2 Bxe1 22. Qxe1 Nf5 23. Bxf5 exf5 24. Qg3 Ne6 25. d5 Nc5 26. Nc6 g6 27. Qc3 1-0

[Event "EU-Cup Online Gr-E (Women)"]
[Site "Tornelo INT"]
[Date "2020.12.20"]
[Round "9.1"]
[White "Duran, Esma Doga"]
[Black "Golsta, Ramona"]
[Result "1-0"]
[WhiteElo "1938"]
[BlackElo "1704"]
[PlyCount "69"]
[EventDate "2020.12.19"]
[EventType "team-tourn (rapid)"]
[EventRounds "9"]
[EventCountry "ISS"]
[SourceTitle "CBM 199 Extra"]
[Source "ChessBase"]
[SourceDate "2021.01.31"]
[SourceVersion "1"]
[SourceVersionDate "2021.01.31"]
[SourceQuality "1"]
[WhiteTeam "Anatolia Red (W)"]
[BlackTeam "Wasa (W)"]
[WhiteTeamCountry "TUR"]
[BlackTeamCountry "SWE"]

1. d4 d6 2. c4 Nf6 3. g3 g6 4. Bg2 Bg7 5. Nf3 0-0 6. Nc3 Nbd7 7. 0-0 c5 8. d5 a6 9. a4 b6 10. e4 Bb7 11. Qe2 e6 12. dxe6 fxe6 13. Ng5 Qe7 14. Bh3 Ne5 15. Nxe6 Rf7 16. f4 Nc6 17. Be3 Bc8 18. Nd5 Qb7 19. Qg2 Bd7 20. Nxg7 Bxh3 21. Qxh3 Kxg7 22. Nxf6 Rxf6 23. f5 Raf8 24. Bh6+ Kg8 25. Bxf8 Rxf8 26. fxg6 hxg6 27. Rxf8+ Kxf8 28. Rf1+ Kg7 29. Qe6 Ne5 30. Qxd6 Qxe4 31. Qe7+ Kh6 32. Qf8+ Kh5 33. Qh8+ Kg5 34. h4+ Kg4 35. Rf4+ 1-0

[Event "EU-Cup Online Gr-E (Women)"]
[Site "Tornelo INT"]
[Date "2020.12.20"]
[Round "6.4"]
[White "Duran, Esma Doga"]
[Black "Ragger, Anna Christina"]
[Result "0-1"]
[WhiteElo "1938"]
[BlackElo "2204"]
[PlyCount "74"]
[EventDate "2020.12.19"]
[EventType "team-tourn (rapid)"]
[EventRounds "9"]
[EventCountry "ISS"]
[SourceTitle "CBM 199 Extra"]
[Source "ChessBase"]
[SourceDate "2021.01.31"]
[SourceVersion "1"]
[SourceVersionDate "2021.01.31"]
[SourceQuality "1"]
[WhiteTeam "Anatolia Red (W)"]
[BlackTeam "Hamburger SK (W)"]
[WhiteTeamCountry "TUR"]
[BlackTeamCountry "GER"]

1. d4 d5 2. c4 c6 3. Nf3 Nf6 4. g3 e6 5. Bg2 Bb4+ 6. Bd2 Be7 7. 0-0 0-0 8. Qc2 b6 9. Nc3 Ba6 10. Ne5 Nfd7 11. Nxd7 Nxd7 12. b3 Rc8 13. Rfd1 f5 14. f3 Nf6 15. Bf4 c5 16. dxc5 Bxc5+ 17. Kh1 Qe7 18. Qb1 d4 19. Na4 e5 20. Bg5 h6 21. Nxc5 bxc5 22. Bxf6 Rxf6 23. Qd3 Rcf8 24. e3 Bb7 25. exd4 cxd4 26. Re1 Re6 27. Rad1 g6 28. Qd2 Kh7 29. f4 exf4 30. Rxe6 Bxg2+ 31. Kxg2 Qxe6 32. Qxd4 Qe2+ 33. Kg1 f3 34. Qd7+ Kg8 35. Qd5+ Rf7 36. Qd8+ Kh7 37. Qd2 f2+ 0-1

[Event "TUR Cup"]
[Site "Antalya"]
[Date "2020.01.29"]
[Round "5"]
[White "Duran, Esma Doga"]
[Black "Demir, Mustafa"]
[Result "1-0"]
[WhiteElo "1877"]
[BlackElo "1806"]
[PlyCount "81"]
[EventDate "2020.01.26"]
[EventType "swiss"]
[EventRounds "11"]
[EventCountry "TUR"]
[SourceTitle "CBM 194 Extra"]
[Source "ChessBase"]
[SourceDate "2020.03.31"]
[SourceVersion "1"]
[SourceVersionDate "2020.03.31"]
[SourceQuality "1"]

1. d4 d5 2. Nf3 Nf6 3. c4 c6 4. Nc3 dxc4 5. a4 Bf5 6. e3 e6 7. Bxc4 Bb4 8. 0-0 Nbd7 9. Qe2 Bg6 10. Bd3 Bxd3 11. Qxd3 0-0 12. Rd1 Qa5 13. Nd2 e5 14. Nc4 Qc7 15. Qf5 Rfe8 16. e4 g6 17. Qf3 Bd6 18. d5 Bf8 19. d6 Qb8 20. Bg5 Re6 21. Rd2 Ne8 22. Be7 Bxe7 23. dxe7 Rxe7 24. Rad1 Nc5 25. b4 Ne6 26. Rd7 Kf8 27. Qe3 Nf6 28. Qh6+ Ke8 29. R7d6 Rd7 30. Rxd7 Nxd7 31. Qxh7 Nd4 32. f4 b5 33. Nxe5 Nxe5 34. Rxd4 Nc4 35. Qh8+ Ke7 36. Qh4+ Ke8 37. Qf6 a5 38. Qxc6+ Kf8 39. Nxb5 Ne3 40. Qf6 axb4 41. Rd7 1-0

[Event "TUR-ch U13-U18 Girls"]
[Site "Antalya"]
[Date "2020.01.23"]
[Round "7"]
[White "Duran, Esma Doga"]
[Black "Eroltu, Ceylan"]
[Result "1/2-1/2"]
[WhiteElo "1877"]
[BlackElo "1361"]
[PlyCount "65"]
[EventDate "2020.01.19"]
[EventType "swiss"]
[EventRounds "11"]
[EventCountry "TUR"]
[SourceTitle "CBM 195 Extra"]
[Source "ChessBase"]
[SourceDate "2020.05.31"]
[SourceVersion "1"]
[SourceVersionDate "2020.05.31"]
[SourceQuality "1"]

1. d4 d5 2. c4 Nf6 3. cxd5 Nxd5 4. e4 Nf6 5. Nc3 g6 6. Nf3 Bg7 7. Bc4 c6 8. Qb3 e6 9. a4 Qb6 10. a5 Qxb3 11. Bxb3 0-0 12. Bf4 Na6 13. 0-0 b6 14. Ne5 c5 15. axb6 cxd4 16. Nc6 dxc3 17. Ne7+ Kh8 18. Nxc8 Raxc8 19. Rxa6 axb6 20. bxc3 Rxc3 21. Rxb6 Nxe4 22. Rb4 Nf6 23. Be5 Rd3 24. Bc4 Rd7 25. Rfb1 h5 26. Rb7 Rfd8 27. g3 Rd1+ 28. Rxd1 Rxd1+ 29. Kg2 Rd7 30. Rb8+ Kh7 31. Kf3 Ng4 32. Bxg7 Kxg7 33. Kg2 1/2-1/2

[Event "EU-chT (Women) 22nd"]
[Site "Batumi"]
[Date "2019.10.26"]
[Round "3.9"]
[White "Duran, Esma Doga"]
[Black "Golsta, Madara"]
[Result "1/2-1/2"]
[WhiteElo "1878"]
[BlackElo "1987"]
[PlyCount "119"]
[EventDate "2019.10.24"]
[EventType "team-swiss"]
[EventRounds "9"]
[EventCountry "GEO"]
[SourceTitle "CBM 192 Extra"]
[Source "Chessbase"]
[SourceDate "2019.11.06"]
[SourceVersion "1"]
[SourceVersionDate "2019.11.06"]
[SourceQuality "1"]
[WhiteTeam "Turkey (W)"]
[BlackTeam "Latvia (W)"]
[WhiteTeamCountry "TUR"]
[BlackTeamCountry "LAT"]

1. d4 Nf6 2. c4 e6 3. Nf3 d5 4. Nc3 Nbd7 5. Bf4 dxc4 6. e4 Bb4 7. Bg5 h6 8. Bxf6 Qxf6 9. Bxc4 0-0 10. 0-0 b6 11. Nb5 Qd8 12. d5 e5 13. d6 Bxd6 14. Nxd6 cxd6 15. Qxd6 Qf6 16. Qxf6 gxf6 17. Bd5 Rb8 18. b4 b5 19. Bc6 Nb6 20. Rfd1 Nc4 21. Rac1 Be6 22. Bd5 Rfd8 23. Nh4 Rb6 24. Bxe6 Rxd1+ 25. Rxd1 fxe6 26. Rd8+ Kg7 27. Rd7+ Kg8 28. Rxa7 Rd6 29. g3 Rd1+ 30. Kg2 Rb1 31. Ra6 Kf7 32. Ra7+ Kg8 33. Ra8+ Kg7 34. Ra7+ Kg8 35. Re7 Rxb4 36. Rxe6 Kf7 37. Ra6 Nd2 38. Nf5 Nxe4 39. Nxh6+ Kg7 40. Nf5+ Kg6 41. Ne7+ Kf7 42. Nd5 Rb2 43. Kf3 f5 44. Ke3 Nxf2 45. Rf6+ Kg7 46. Rxf5 Ng4+ 47. Ke4 Nxh2 48. Rg5+ Kf7 49. Rf5+ Kg7 50. Nc7 b4 51. Ne6+ Kg6 52. Rxe5 Re2+ 53. Kd5 Rxa2 54. Nf4+ Kf6 55. Re6+ Kf7 56. Kc4 Rf2 57. Re2 Rxe2 58. Nxe2 Nf1 59. Kxb4 Nxg3 60. Nxg3 1/2-1/2

[Event "EU-ch U16 Girls"]
[Site "Bratislava"]
[Date "2019.08.09"]
[Round "8"]
[White "Guillo Longares, Cecilia"]
[Black "Duran, Esma Doga"]
[Result "1-0"]
[WhiteElo "1916"]
[BlackElo "2051"]
[PlyCount "83"]
[EventDate "2019.08.02"]
[EventType "swiss"]
[EventRounds "9"]
[EventCountry "SVK"]
[SourceTitle "CBM 191 Extra"]
[Source "ChessBase"]
[SourceDate "2019.09.30"]
[SourceVersion "1"]
[SourceVersionDate "2019.09.30"]
[SourceQuality "1"]

1. d4 Nf6 2. c4 e6 3. Nf3 c5 4. d5 b5 5. Bg5 bxc4 6. e4 Qb6 7. Bxf6 gxf6 8. Qc2 Bg7 9. Nfd2 d6 10. Nxc4 Qc7 11. Nc3 a6 12. dxe6 fxe6 13. Rd1 0-0 14. Nxd6 Nc6 15. Nxc8 Nd4 16. Qc1 Rfxc8 17. Bc4 Kh8 18. 0-0 Rg8 19. Kh1 Qe5 20. f4 Qh5 21. Rd3 f5 22. e5 Bh6 23. Rh3 Qg4 24. Rg3 Qh5 25. Rh3 Qg4 26. Qd2 Rg6 27. Rg3 Qh4 28. Rxg6 hxg6 29. g3 Qe7 30. Qg2 Qa7 31. Ne2 Rd8 32. Rd1 Qb6 33. b3 g5 34. Nxd4 cxd4 35. Qf3 gxf4 36. gxf4 Rg8 37. Rd3 Rg4 38. Qh3 Qc6+ 39. Qf3 Qc5 40. Bxe6 Bxf4 41. Qa8+ Kg7 42. Qg8+ 1-0

[Event "EU-ch U16 Girls"]
[Site "Bratislava"]
[Date "2019.08.02"]
[Round "1"]
[White "Duran, Esma Doga"]
[Black "Rzali, Sabina"]
[Result "1-0"]
[WhiteElo "2051"]
[BlackElo "1801"]
[PlyCount "51"]
[EventDate "2019.08.02"]
[EventType "swiss"]
[EventRounds "9"]
[EventCountry "SVK"]
[SourceTitle "CBM 191 Extra"]
[Source "ChessBase"]
[SourceDate "2019.09.30"]
[SourceVersion "1"]
[SourceVersionDate "2019.09.30"]
[SourceQuality "1"]

1. Nf3 d5 2. g3 Nf6 3. Bg2 e6 4. 0-0 c5 5. d4 Be7 6. c4 dxc4 7. Qa4+ Nbd7 8. Rd1 0-0 9. Qxc4 Qb6 10. Nc3 cxd4 11. Nxd4 Nc5 12. b4 Na6 13. b5 Nc5 14. Ba3 Re8 15. Rac1 e5 16. Nd5 Nxd5 17. Bxd5 Ne6 18. Nxe6 fxe6 19. Bxe7 exd5 20. Qxd5+ Be6 21. Qxe5 Bxa2 22. Rd6 Qa5 23. Rd7 Qb6 24. Rcc7 Qe6 25. Qb2 Bd5 26. Bf8 1-0